LEADER 00885nam a2200229 u 4500 001 000000038970 003 CaOOAMICUS 005 20070226113933.0 008 980429s1934 fr u000 u fre u 035 $a10793037 040 $aPUL(R)$bita 100 1 $aGuirardel, Clément.$0(OLS)http://pul/name/29030 245 13$aLe droit d'auteur des journalistes /$cClément Guirardel. 260 $aParis :$bSirey,$c1934. 300 $a113 p. ;$c25 cm 650 4$aDiritto di autore.$0(OLS)http://pul/subject/18112 850 $aPUL 852 $aPUL$W1$xDP2 Diritto e Scienze Sociali 1$y65$m172 C 36$j53023$nBK-PRI$qStampati$B53023$CPULBib$Z2$F53023 $82 941 1 $a8 961 $aTimbro: Bibliotheca Pontificium Institutum Utriusque Iuris. 996 $6245$aLe droit d'auteur des journalistes$9(OLS)http://pul/title/52805 996 $6260$aParis :$bSirey$9(OLS)http://pul/publisher/49305 LEADER 01330nam a2200301 a 4500 001 000000143981 003 CaOOAMICUS 005 20150610144124.0 008 150610s1995 it a u000 u ita r 020 $z880110684X* 040 $aPUL$bita 245 03$aLe impronte di Robinson :$bmass media, cultura popolare, educazione /$cR. Giannatelli, P. C. Rivoltella (edd.) 260 $aTorino-Leumann :$bElle Di Ci,$c©1995. 300 $a380 p. :$bill. ;$c21 cm 490 1 $aMass media ed educazione ;$v04 504 $aBibliografia in nota. 650 4$aMass media$xAspetti culturali.$0(OLS)http://pul/subject/39227 700 1 $aRivoltella, Pier Cesare,$d1964-$0(OLS)http://pul/name/40424 700 1 $aGiannatelli, Roberto.$0(OLS)http://pul/name/76509 830 0$aMass media ed educazione ;$v04.$0(OLS)http://pul/title/182158 850 $aPUL 852 $aPUL$W1$xDP1 Fondo S. Lanza$y121$m3 B 48$j115171$qFondi$B166493$CPULBib$Z2$F166493 $HLan1322 $82 941 1 $a1 961 $aNota ms. di possesso: Sergio Lanza 996 $6020$z880110684X*$9(OLS)http://pul/number/157849 996 $6245$aLe impronte di Robinson :$bmass media, cultura popolare, educazione$9(OLS)http://pul/title/182157 996 $6260$aTorino-Leumann :$bElle Di Ci$9(OLS)http://pul/publisher/50810